|
|
|
|
| LEADER |
00000nab a22000005a 4500 |
| 001 |
AR-BbUGT8275 |
| 003 |
AR-BbUGT |
| 005 |
20210607083245.0 |
| 007 |
ta |
| 008 |
171017s1990||||ag |||p |||| 0|||||spa d |
| 999 |
|
|
|c 13785
|d 13785
|
| 040 |
|
|
|a AR-BbUGT
|c AR-BbUGT
|
| 100 |
1 |
|
|a Formiga, Nidia
|9 825
|
| 245 |
1 |
4 |
|a Los inmigrantes en los mercados laborales de patagonia /
|c Nidia Formiga.
|
| 651 |
|
4 |
|a Patagonia (Argentina : Región)
|9 404
|
| 653 |
|
|
|a Inmigración
|
| 773 |
0 |
|
|o R63.44
|g Vol. 4, no. 1 (1990), p. 207-234
|t Revista Universitaria de Geografía
|x 0326-8373
|w AR-BbUGT7010
|
| 773 |
1 |
|
|o R7.44
|w AR-BbUGT7010
|
| 773 |
1 |
|
|o R144.44
|w AR-BbUGT7010
|
| 942 |
|
|
|2 ddc
|c ARTPP
|